MARC

LEADER 00000nam0a2200000 4500
001 187150
005 20231101224039.0
035 |a (RuTPU)RU\TPU\book\203074 
035 |a RU\TPU\tpu\6267 
090 |a 187150 
100 |a 20101111d1965 k y0rusy50 ca 
101 0 |a rus 
102 |a RU 
105 |a a z 001zy 
200 1 |a Опыт направленного бурения бесклиновым способом  |f С. С. Сулакшин [и др.]  |g Всесоюзный научно-исследовательский институт экономики минерального сырья и геологоразведочных работ (ВИЭМС) ; под общей ред. С. С. Сулакшина 
210 |a Москва  |c Копировально-картографияеское предприятие Всесоюзного геологического фонда  |d 1965 
215 |a 113 с. 
225 1 |a Методика и техника геологоразведочных работ, организация производства. Обзоры по отдельным проблемам  |v Вып. 12 (2) 
320 |a Библиогр.: 7 назв. 
512 1 |a Обзоры по отдельным проблемам  |a Опыт направленного бурения бесклиновым способом 
606 1 |a Разведочное бурение  |x Горное дело  |2 stltpush  |3 (RuTPU)RU\TPU\subj\23577  |9 48146 
606 1 |a Направленное бурение  |2 stltpush  |3 (RuTPU)RU\TPU\subj\44844  |9 64122 
610 1 |a коллекция ТПУ 
610 1 |a труды учёных ТПУ 
610 1 |a бурение 
610 1 |a расчеты 
675 |a 622.143  |v 3 
675 |a 622.243.2 (047)  |v 3 
701 1 |a Сулакшин  |b С. С.  |c российский геолог  |c Заслуженный профессор Томского политехнического университета  |f 1919-  |g Степан Степанович  |2 stltpush  |3 (RuTPU)RU\TPU\pers\13908 
701 1 |a Матросов  |b В. М. 
701 1 |a Боярко  |b Ю. Л.  |c российский ученый  |c Почетный нефтяник Российской Федерации  |c доцент Томского политехнического университета  |f 1929-  |g Юрий Леонтьевич  |2 stltpush  |3 (RuTPU)RU\TPU\pers\25161 
701 1 |a Спиридонов  |b П. И. 
701 1 |a Рожков  |b В. П. 
702 1 |a Сулакшин  |b С. С.  |c российский геолог  |c Заслуженный профессор Томского политехнического университета  |f 1919-  |g Степан Степанович  |2 stltpush  |3 (RuTPU)RU\TPU\pers\13908  |4 340 
712 0 2 |a Всесоюзный научно-исследовательский институт экономики минерального сырья и геологоразведочных работ (ВИЭМС)  |2 stltpush  |3 (RuTPU)RU\TPU\col\8802 
801 0 |a RU  |b 63413507  |c 20011210  |g PSBO 
801 2 |a RU  |b 63413507  |c 20220603  |g PSBO 
942 |c BK